000 01176nam a2200277Ia 4500
003 OSt
005 20221005103425.0
006 a|||||r|||| 00| 0
007 ta
008 221004b |||||||| |||| 00| 0 san d
020 _c750
024 _a113901
037 _b159, 01/12/2011, Vidyanidhi Prakashan
_cTextual
040 _aCRL
_cCRL
_bsan
041 _2san
_asan
082 _aO15,3N34,PA, N9
100 _aपाण्डेय, मोहन लाल शर्मा
_9623668
245 0 _aपद्यमिनी
_b ऐतिहासिक संस्कृत - गद्यकाव्यम्
246 _aPadyaminī: aitihāsik sanskṛut - gadyakāvyam
260 _aजयपुर
_bपाण्डेय प्रकाशन भारत
_c1999
300 _a258पृ0
_ccm.
650 _aसंस्कृत साहित्य
700 _a पाण्डेय, तारा शंकर
942 _hO15,3N34,PA, N9
_cTEXL
_2cc
999 _c1010065
_d1010065